|
|
|
|
| LEADER |
00000nam a2200000 a 4500 |
| 001 |
2333 |
| 005 |
20231212063207.0 |
| 008 |
998073|1994 ||||||||r|||||||||||spa|| |
| 040 |
|
|
|b spa
|
| 041 |
1 |
|
|a spa
|
| 082 |
0 |
|
|a 301
|
| 100 |
|
|
|a Di Tella, Torcuato S.
|9 93659
|
| 245 |
|
|
|a Introducción a la sociología
|c Torcuato S. Di Tella, compilador
|h imp
|
| 264 |
|
|
|a Buenos Aires
|b Editorial Universitaria
|c 1994
|
| 300 |
|
|
|a 246páginas:
|b ilu
|
| 504 |
|
|
|a incl. ref.
|
| 520 |
3 |
|
|a Contiene:Dimensiones de lo social, conflicto social y estado en una etapa nacional temprana, Clases sociales
|
| 650 |
|
4 |
|a Sociología
|9 183
|
| 852 |
|
|
|a UC-YANUNCAY
|c SALA 1 AGROPECUARIAS
|f Donación
|k esthela.duran
|l 1
|m General
|p 19980731
|q 5,00
|r 1
|t 2333
|b 0
|d CDRY
|e CDRY
|g 301 SALA 1 AGROPECUARIAS
|z 1998-80-73
|
| 942 |
|
|
|c BK
|
| 999 |
|
|
|c 61310
|d 61310
|